Instituciones de derecho administrativo. (Registro nro. 173607)
[ vista simple ]
| 000 -LEADER | |
|---|---|
| fixed length control field | 01091nam a22003011i 4500 |
| 001 - CONTROL NUMBER | |
| control field | bslw10121188 |
| 006 - FIXED-LENGTH DATA ELEMENTS--ADDITIONAL MATERIAL CHARACTERISTICS--GENERAL INFORMATION | |
| fixed length control field | m o d |
| 007 - PHYSICAL DESCRIPTION FIXED FIELD--GENERAL INFORMATION | |
| fixed length control field | cr un ---uuuua |
| 008 - FIXED-LENGTH DATA ELEMENTS--GENERAL INFORMATION | |
| fixed length control field | 240124s2022 ck ob 000 0 spa d |
| 020 ## - INTERNATIONAL STANDARD BOOK NUMBER | |
| International Standard Book Number | 9789587917284 |
| 035 ## - | |
| -- | 42068 |
| 040 ## - CATALOGING SOURCE | |
| Original cataloging agency | UtOrBLW |
| Language of cataloging | eng |
| Description conventions | rda |
| Transcribing agency | UtOrBLW |
| 050 #4 - | |
| -- | K3400 |
| -- | .I57 2022 |
| 082 04 - | |
| -- | 342.06 |
| -- | 23 |
| 245 00 - TITLE STATEMENT | |
| Title | Instituciones de derecho administrativo. |
| Number of part/section of a work | Tomo III : |
| Remainder of title | debates actuales en estructura, responsabilidad, contratos, procesal, arbitraje y pluralismo / |
| Statement of responsibility, etc | Hugo Andrés Arenas Mendoza, editor académico. |
| 264 #1 - | |
| -- | Bogotá, Colombia : |
| -- | Grupo Editorial Ibáñez, |
| -- | [2022] |
| 300 ## - PHYSICAL DESCRIPTION | |
| Extent | 1 online resource (671 pages) |
| 336 ## - | |
| -- | text |
| -- | txt |
| -- | rdacontent |
| 337 ## - | |
| -- | computer |
| -- | c |
| -- | rdamedia |
| 338 ## - | |
| -- | online resource |
| -- | cr |
| -- | rdacarrier |
| 504 ## - BIBLIOGRAPHY, ETC. NOTE | |
| Bibliography, etc | Includes bibliographical references. |
| 650 #0 - SUBJECT ADDED ENTRY--TOPICAL TERM | |
| Topical term or geographic name as entry element | Administrative law. |
| 650 #0 - SUBJECT ADDED ENTRY--TOPICAL TERM | |
| Topical term or geographic name as entry element | Administrative procedure. |
| 700 1# - ADDED ENTRY--PERSONAL NAME | |
| Personal name | Arenas Mendoza, Hugo Andrés, |
| Relator term | editor. |
| 856 40 - LOCALIZACIÓN Y ACCESO ELECTRÓNICO | |
| Identificador Uniforme del Recurso (URI/URL) | https://app.vlex.com/#/sources/42068 |
| 942 ## - | |
| -- | RAA |
| 999 ## - | |
| -- | 173607 |
| -- | 173607 |
No hay ítems disponibles.